Statistics for Provinces of Turkey - Extreme

Click here to take the quiz!

General Stats

  • This quiz has been taken 119 times
  • The average score is 55 of 81

Answer Stats

Answer% Correct
Ankara
90%
Istanbul
87%
İzmir
83%
Adana
80%
Bursa
77%
Edirne
77%
Van
77%
Antalya
75%
Trabzon
75%
Batman
72%
Mersin
72%
Samsun
72%
Denizli
71%
Erzurum
71%
Kars
71%
Konya
71%
Ordu
71%
Yalova
71%
Hatay
70%
Isparta
70%
Osmaniye
70%
Rize
70%
Tekirdağ
70%
Yozgat
70%
Çanakkale
68%
Elazığ
68%
Erzincan
68%
Iğdır
68%
Karaman
68%
Malatya
68%
Sinop
68%
Tokat
68%
Artvin
67%
Aydın
67%
Eskişehir
67%
Gaziantep
67%
Giresun
67%
Hakkâri
67%
Kırıkkale
67%
Kırklareli
67%
Manisa
67%
Mardin
67%
Muğla
67%
Muş
67%
Nevşehir
67%
Tunceli
67%
Zonguldak
67%
Ardahan
65%
Balıkesir
65%
Bingöl
65%
Bitlis
65%
Burdur
65%
Çorum
65%
Diyarbakır
65%
Gümüşhane
65%
Karabük
65%
Niğde
65%
Adıyaman
64%
Ağrı
64%
Kilis
64%
Sivas
64%
Uşak
64%
Afyonkarahisar
62%
Aksaray
62%
Bilecik
62%
Bolu
62%
Düzce
62%
Kahramanmaraş
62%
Kastamonu
62%
Kayseri
62%
Kocaeli
62%
Kütahya
62%
Şanlıurfa
62%
Amasya
61%
Bayburt
61%
Kırşehir
61%
Sakarya
61%
Siirt
61%
Şırnak
59%
Bartın
58%
Çankırı
58%

Score Distribution

Percentile by Number Answered

Percent of People with Each Score

Your Score History

You have not taken this quiz